Guida di terra santa / [por] Donato Baldi O.F.M.

Сохранить в:
Библиографические подробности
Главный автор: Baldi, Donato, O.F.M (autor)
Формат:
Предметы:
Метки: Добавить метку
Нет меток, Требуется 1-ая метка записи!

MARC

LEADER 00000nam^a2200000^u^4500
001 000535627
005 20250521000000.0
008 060220s1000^^^^^^^^^^^^r^^^^^000^0^spa^d
009 20260310131021.488
035 |a FMI 000001187 
037 |a Acervo Xavier Clavigero 
096 |a 1.5/3/B 
100 |a Baldi, Donato, O.F.M.  |e (autor) 
245 1 0 |a Guida di terra santa / [por] Donato Baldi O.F.M. 
264 |a Gerusalemme : Custodia de Terra Santa, 1973 
300 |a 293 p. 
336 |a texto  |b txt  |2 rdacontenido 
337 |a sin mediación  |b n  |2 rdamedio 
338 |a volumen  |b nc  |2 rdasoporte 
649 |a XX 
650 |a GEOFRAFIA BIBLICA 
910 |a Fondo Francisco Migoya Covarrubias S.J. 
920 |a Impresos - Libros 
930 |a Fondos Especiales 
905 |a 134 
901 |a SBC14323  |b IT2  |c ESP  |u 20250521 
902 |a https://opac.biblio.iteso.mx/vufind/Record/000535627